000 01041cam a2200385 4500500
005 20260329005220.0
041 _afre
042 _adc
100 1 0 _aEnjalbert, Cédric
_eauthor
245 0 0 _aLa grande marche des éveillés
260 _c2022.
500 _a91
690 _aCommunautarisme
690 _aDéconstruction
690 _aÉtats-Unis
690 _aÉveil
690 _aIntersectionnalité
690 _aJean-Michel Blanquer
690 _aKimberlé Crenshaw
690 _aLutte
690 _aNoir
690 _aOffense
690 _aPost-colonialisme
690 _aProgressisme
690 _aRace
690 _aRacisme
690 _aRéaction
690 _aSensibilité
690 _aSusan Neiman
690 _aThomas Chatterton Williams
690 _aUniversalisme
690 _awoke
786 0 _nPhilosophie magazine | 165 | 12 | 2022-12-01 | p. 27-29 | 1951-1787
856 4 1 _uhttps://shs.cairn.info/magazine-philosophie-magazine-2022-12-page-27?lang=fr&redirect-ssocas=7080
999 _c1841391
_d1841391